01249nam a2200241 a 450000100100000000500170001000800410002704000250006808200150009311100920010824501350020026000520033530000210038749001000040850400730050850500290058159000260061070000330063683001070066995201070077695201070088399900170099000004111220201002034629.0130918s1969 sp r 001 0 spa d aDO-SdBNPbspacBNPHU axxxxbxxxx2 aAsociación Internacional de los Trabajadores. Federación Regional Española96765710aActas de los consejos y comisión federal de la región española :b(1870-1874) /cestudio preliminar por Carlos Seco Serrano. aBarcelona :bUniversidad de Barcelona,c[1969]. a345 p. ;c26 cm.1 adocumentos para el estudio de los movimientos obreros en España en la época contemporánea aIncluye referencias bibliográficas y notas al pie de las páginas1 gv. 2tComisión federal aInventariado, 2019/BT1 aSeco Serrano, Carlos,967658 0adocumentos para el estudio de los movimientos obreros en España en la época contemporánea967659 001050718MOaGRbGRcHDd2013-09-18iLF1l0ov.1p41112-10r2020-06-25w2020-06-25y1ZNo se presta 001050718MOaGRbGRcHDd2014-02-05iLF1l0ov.2p41112-20r2020-06-25w2020-06-25y1ZNo se presta c40602d40602